<?xml version="1.0" encoding="UTF-8"?>
<record
    xmlns:xsi="http://www.w3.org/2001/XMLSchema-instance"
    xsi:schemaLocation="http://www.loc.gov/MARC21/slim http://www.loc.gov/standards/marcxml/schema/MARC21slim.xsd"
    xmlns="http://www.loc.gov/MARC21/slim">

  <leader>01111nam a22002895a 4500</leader>
  <controlfield tag="003">OSt</controlfield>
  <controlfield tag="005">20170304115322.0</controlfield>
  <controlfield tag="008">170304s2006    ua     frb    000 0 ara d</controlfield>
  <datafield tag="015" ind1=" " ind2=" ">
    <subfield code="a">2006 / 21909</subfield>
  </datafield>
  <datafield tag="020" ind1=" " ind2=" ">
    <subfield code="a">9770450553</subfield>
  </datafield>
  <datafield tag="040" ind1=" " ind2=" ">
    <subfield code="a">EG-ScBUE</subfield>
    <subfield code="b">ara</subfield>
    <subfield code="c">EG-ScBUE</subfield>
  </datafield>
  <datafield tag="043" ind1=" " ind2=" ">
    <subfield code="a">f-ua---</subfield>
  </datafield>
  <datafield tag="082" ind1="0" ind2="4">
    <subfield code="a">345.62052028567</subfield>
    <subfield code="b">&#x64A; &#x62D; &#x64A;</subfield>
    <subfield code="2">22</subfield>
  </datafield>
  <datafield tag="100" ind1="1" ind2=" ">
    <subfield code="a">&#x64A;&#x62D;&#x64A;&#x649;&#x60C; &#x639;&#x627;&#x62F;&#x644;.</subfield>
  </datafield>
  <datafield tag="245" ind1="1" ind2="2">
    <subfield code="a">&#x627;&#x644;&#x62A;&#x62D;&#x642;&#x64A;&#x642; &#x648;&#x627;&#x644;&#x645;&#x62D;&#x627;&#x643;&#x645;&#x629; &#x627;&#x644;&#x62C;&#x646;&#x627;&#x626;&#x64A;&#x629; &#x639;&#x646; &#x628;&#x639;&#x62F; :</subfield>
    <subfield code="b">&#x62F;&#x631;&#x627;&#x633;&#x629; &#x62A;&#x62D;&#x644;&#x64A;&#x644;&#x64A;&#x629; &#x62A;&#x623;&#x635;&#x64A;&#x644;&#x64A;&#x629; &#x644;&#x62A;&#x642;&#x646;&#x64A;&#x629; &#x627;&#x644; vid&#xE9;o conf&#xE9;rence &#x641;&#x64A; &#x627;&#x644;&#x645;&#x62C;&#x627;&#x644; &#x627;&#x644;&#x62C;&#x646;&#x627;&#x626;&#x64A; /</subfield>
    <subfield code="c">&#x639;&#x627;&#x62F;&#x644; &#x64A;&#x62D;&#x64A;&#x649;.</subfield>
  </datafield>
  <datafield tag="246" ind1="3" ind2="3">
    <subfield code="a">Vid&#xE9;o conf&#xE9;rence</subfield>
  </datafield>
  <datafield tag="246" ind1="3" ind2="3">
    <subfield code="a">Video conference</subfield>
  </datafield>
  <datafield tag="250" ind1=" " ind2=" ">
    <subfield code="a">&#x637;. 1.</subfield>
  </datafield>
  <datafield tag="260" ind1=" " ind2=" ">
    <subfield code="a">&#x627;&#x644;&#x642;&#x627;&#x647;&#x631;&#x629; :</subfield>
    <subfield code="b">&#x62F;&#x627;&#x631; &#x627;&#x644;&#x646;&#x647;&#x636;&#x629; &#x627;&#x644;&#x639;&#x631;&#x628;&#x64A;&#x629;&#x60C;</subfield>
    <subfield code="c">2006.</subfield>
  </datafield>
  <datafield tag="300" ind1=" " ind2=" ">
    <subfield code="a">137 &#x635;. &#x61B;</subfield>
    <subfield code="c">24 &#x633;&#x645;.</subfield>
  </datafield>
  <datafield tag="504" ind1=" " ind2=" ">
    <subfield code="a">&#x64A;&#x634;&#x62A;&#x645;&#x644; &#x639;&#x644;&#x649; &#x625;&#x631;&#x62C;&#x627;&#x639;&#x627;&#x62A; &#x628;&#x628;&#x644;&#x64A;&#x648;&#x62C;&#x631;&#x627;&#x641;&#x64A;&#x629;.</subfield>
  </datafield>
  <datafield tag="650" ind1=" " ind2="7">
    <subfield code="a">&#x627;&#x644;&#x62A;&#x62D;&#x642;&#x64A;&#x642; &#x627;&#x644;&#x62C;&#x646;&#x627;&#x626;&#x64A; </subfield>
    <subfield code="x">&#x645;&#x639;&#x627;&#x644;&#x62C;&#x629; &#x628;&#x64A;&#x627;&#x646;&#x627;&#x62A;</subfield>
    <subfield code="z">&#x645;&#x635;&#x631;.</subfield>
    <subfield code="2">BUEsh</subfield>
  </datafield>
  <datafield tag="650" ind1=" " ind2="7">
    <subfield code="a">&#x627;&#x644;&#x645;&#x62D;&#x627;&#x643;&#x645;&#x627;&#x62A; &#x627;&#x644;&#x62C;&#x646;&#x627;&#x626;&#x64A;&#x629;</subfield>
    <subfield code="x">&#x645;&#x639;&#x627;&#x644;&#x62C;&#x629; &#x628;&#x64A;&#x627;&#x646;&#x627;&#x62A;</subfield>
    <subfield code="z">&#x645;&#x635;&#x631;.</subfield>
    <subfield code="2">BUEsh</subfield>
  </datafield>
  <datafield tag="651" ind1=" " ind2=" ">
    <subfield code="2">BUEsh</subfield>
  </datafield>
  <datafield tag="653" ind1=" " ind2=" ">
    <subfield code="b">LLAAWW</subfield>
    <subfield code="c">March2017</subfield>
  </datafield>
  <datafield tag="942" ind1=" " ind2=" ">
    <subfield code="2">ddc</subfield>
  </datafield>
  <datafield tag="999" ind1=" " ind2=" ">
    <subfield code="c">24304</subfield>
    <subfield code="d">24276</subfield>
  </datafield>
  <datafield tag="952" ind1=" " ind2=" ">
    <subfield code="0">0</subfield>
    <subfield code="1">0</subfield>
    <subfield code="2">ddc</subfield>
    <subfield code="4">0</subfield>
    <subfield code="7">0</subfield>
    <subfield code="8">DarN.AR.</subfield>
    <subfield code="a">MAIN</subfield>
    <subfield code="b">MAIN</subfield>
    <subfield code="c">1ST</subfield>
    <subfield code="d">2017-03-04</subfield>
    <subfield code="e">Purchase</subfield>
    <subfield code="g">35.00</subfield>
    <subfield code="h">2815</subfield>
    <subfield code="o">345.62052028567 &#x64A; &#x62D; &#x64A;</subfield>
    <subfield code="p">000041249</subfield>
    <subfield code="r">2025-07-15 00:00:00</subfield>
    <subfield code="v">43.75</subfield>
    <subfield code="y">BB</subfield>
  </datafield>
  <datafield tag="952" ind1=" " ind2=" ">
    <subfield code="0">0</subfield>
    <subfield code="1">0</subfield>
    <subfield code="2">ddc</subfield>
    <subfield code="4">0</subfield>
    <subfield code="7">0</subfield>
    <subfield code="8">DarN.AR.</subfield>
    <subfield code="a">MAIN</subfield>
    <subfield code="b">MAIN</subfield>
    <subfield code="c">1ST</subfield>
    <subfield code="d">2017-03-04</subfield>
    <subfield code="e">Purchase</subfield>
    <subfield code="g">35.00</subfield>
    <subfield code="h">2815</subfield>
    <subfield code="o">345.62052028567 &#x64A; &#x62D; &#x64A;</subfield>
    <subfield code="p">000041250</subfield>
    <subfield code="r">2025-07-15 00:00:00</subfield>
    <subfield code="v">43.75</subfield>
    <subfield code="y">BB</subfield>
  </datafield>
</record>
